| 000 | 00791nam a2200277 a 4500 | ||
|---|---|---|---|
| 001 | 000110512 | ||
| 003 | CHAP | ||
| 005 | 20220329144136.0 | ||
| 008 | 140905s2009 mx | |r| |||1|||spa|d | ||
| 010 | _a106974 | ||
| 011 | _a107946 | ||
| 020 | _a9687871873 | ||
| 040 | _cCHAP | ||
| 082 | 0 | 4 |
_a861 _bA16 |
| 100 | 1 |
_aAbreu Cornelio, Agustín _9128292 |
|
| 245 | 1 | 4 |
_aLos reflejos / _cpor Agustín Abreu Cornelio. |
| 260 | 3 |
_aMéxico : _bInstituto de Cultura de Yucatán _bConsejo Nacional para la Cultura y las Artes, _c2009. |
|
| 300 | _a74 p. | ||
| 590 |
_aE11695DGD _b10 _c20150420 _lUCH01 _h1326 |
||
| 590 |
_aE11695DGD _b10 _c20150420 _lUCH01 _h1326 |
||
| 590 |
_aE792CSJ _b05 _c20140905 _lUCH01 _h1145 |
||
| 650 | 1 | 4 |
_aPoesía. _990141 |
| 901 | _aBK | ||
| 942 | _cLIBRO | ||
| 942 | _n0 | ||
| 999 |
_c106974 _d106974 |
||